000 00821nam a2200277 i 4500
001 10749
003 ES-MaACL
005 20230906145941.0
007 t|
008 930204s1992 sp |||| | spa j
020 _a84-7954-091-5
080 _a342.4(460)"1978"
080 _a32(460)"1982/..."
100 1 _aEsteban, Jorge de.
_948032
245 1 3 _aEl estado de la Constitución
_b: diez años de gobierno del PSOE /
_cJorge de Esteban.
250 _a1ª ed.
260 _aMadrid :
_bLibertarias/Prodhufi,
_c1992.
300 _a487 p. ;
_c20 cm.
490 1 _aEnsayo ;
_v55
500 _aÍndice.
610 1 4 _aEspaña.
_tConstitución, 1978.
_93657
651 4 _aEspaña-
_xPolítica y gobierno-
_y1982-1996.
_98449
830 0 _aEnsayo ;
_v55
_9177699
852 _aES-MaACL
_jL-18090
999 _c10749
_d10749